| 000 | 02483nam a22002897i 4500 | ||
|---|---|---|---|
| 003 | DO-SdBNP | ||
| 005 | 20250402115328.0 | ||
| 007 | ta | ||
| 008 | 250402b2024 dr ao||| |||| 00| 0 spa d | ||
| 020 | _a9789945800111 | ||
| 040 |
_aDO-SdBNP _bspa _cBNPHU _erda |
||
| 041 | _aspa | ||
| 082 | 4 |
_a0 _bR457h _222 |
|
| 100 | 1 |
_aReyes, Jesús Leonardo _eautor _4aut. _987304 |
|
| 245 | 1 | 0 |
_aHistoria dominicana en olimpíadas de verano : _bTokio 1964 a Tokio 12020 / _cJesús Leonardo Reyes ; prólogo, Luis Mejía Oviedo. |
| 264 |
_aSanto Domingo, República Dominicana : _bEditora Corripio, _c2024. |
||
| 300 |
_a285, [6] páginas : _bilustraciones, fotos ; _c30 cm. |
||
| 336 |
_atexto _btxt _2rdacontent |
||
| 337 |
_asin mediación _bn _2rdamedia |
||
| 338 |
_avolumen _bnc _2rdacarrier |
||
| 500 | _aIncluye datos del autor en la solapa de la cubierta. | ||
| 504 | _aBibliografía: p. 291 | ||
| 505 | _aDedicatoria, 5. --Mensaje del presidente del COD, 8. --Exhortación olímpica, 9-10. --Prólogo, 11-12. --Introducción, 13-14-15. --historia del COD, 16-17. --galería de los presidentes del COD, 28. -- Aporte del sector privado al deporte (Creso), 29. --Atletas dominicanos abanderados en Olimpíadas, 30-33. --Juegos Olímpico Tokio, Japón, 1964. --Juegos Olímpicos México, 1968, 41-51. --Juegos Olímpicos Múnich, Alemania, 1972, 53-61. --Juegos Olímpicos Montreal, Canadá, 1976, 63-69. --Juegos Olímpicos Moscú, Rusia, 1980, 71-77. --Juegos Olímpicos Los Ángeles, Estados Unidos, 1984, 79-91, 79-91. --juegos Olímpicos Seúl, Corea del Sur, 1988, 93-103. --Juegos Olímpicos Barcelona, España, 199, 105-123. --juegos Olímpicos Atlanta, Estados Unidos, 1996, 125-139. --juegos Olímpicos Sydney, Australia, 2000, 141-151. --juegos Olímpicos Atenas, Grecia, 2004, 153-171. --Juegos Olímpicos Beijing, China, 2008, 173-187. --Juegos Olímpicos Londres, Inglaterra, 2012, 89-211. --Juegos Olímpico Rio de Janeiro, Brasil, 2016. 213-227. --Juegos Olímpicos Tokio, Japón, 2020, 229-277. --Cuadros de estadísticos, 278-282. Las Medallas. --Deportistas medallistas en Olimpíadas. --Las preseas olímpicas de República Dominicana. --Los deportes y cantidad de atletas por edición en juegos Olímpicos. --Atletas con más de una presencia en Juegos Olímpicos. --Delegación atlética en cada olimpíadas, 263-285. --Bibliografía, 291. | ||
| 590 | _aInventariado, 2025 /LP | ||
| 700 | 1 |
_aMejía Oviedo, Luis, _eprologuista _4pr. _946135 |
|
| 942 |
_2ddc _cLBS1 |
||
| 999 |
_c58562 _d58562 |
||